| 000 | 01480cam a2200265 4500 | ||
|---|---|---|---|
| 001 | ABS64408 | ||
| 008 | 010830n2001 000 0 eng u | ||
| 035 | _a(Sirsi) u114389 | ||
| 245 | _aR v London Rent Assessment Committee and others ex p Morris | ||
| 260 | _c2001 | ||
| 490 |
_aEstates Gazette _v[2001] EG 31 104-111(8) |
||
| 520 | _aQBD 4 May 2001. Examined the issues of whether the notice terminating tenancy addressed to an ex-tenant was a valid notice, whether the tenant was entitled to Rent Act protection and fair rent limit and whether the rent assessment committee was entitled to determing rent above the £25,000 limit. Application was dismissed. Held that the notice sent in 1995 was invalid; the clamaint's tenancy was now a 'long residential tenancy' subject to the Local Government and Housing Act 1989 sched 10. Referring to Schedule 10 para 10(5) it was decided that the rent assessment committee could determine a rent above the £25,000 limit. | ||
| 590 | _aABS | ||
| 650 | _aLONG LEASES | ||
| 650 | _aR V LONDON RENT ASSESSMENT COMMITTEE AND OTHERS EX P MORRIS | ||
| 650 | _aNOTICE TO TERMINATE | ||
| 650 | _aRENT ACT 1977 | ||
| 650 | _aFAIR RENTS | ||
| 650 | _aPROPERTY-RESIDENTIAL PROPERTY-RESIDENTIAL LANDLORD AND TENANT-RESIDENTIAL TENANCIES | ||
| 650 | _aLANDLORD AND TENANT ACT 1954 | ||
| 650 | _aLOCAL GOVERNMENT AND HOUSING ACT 1989 | ||
| 650 | _aRENT ASSESSMENTS | ||
| 690 | _aLANDLORD AND TENANT-LEASES-CASE LAW | ||
| 942 | _n0 | ||
| 999 |
_c68122 _d68122 |
||